| 000 | 00937nam a22001937a 4500 | ||
|---|---|---|---|
| 008 | 120606s2007 ua||||| |||| 00| 0 ara d | ||
| 082 |
_222 _a616.692 _bت د ب |
||
| 110 |
_930010 _aمنظمة الصحة العالمية |
||
| 245 |
_aالتدبير العلاجي لمضاعفات الحمل والولادة : _bدليل للقابلات والاطباء / _cمنظمة الصحة العالمية. |
||
| 260 |
_aالقاهرة : _bالمكتب الاقليمي لشرق المتوسط، _c2007. |
||
| 300 |
_a112 ص. : _bايض. ؛ _c22 سم. |
||
| 504 | _aDonation from Dr. Shahraze | ||
| 650 |
_917153 _aالصحة العامة |
||
| 650 |
_921978 _aالصحة الوقائية |
||
| 650 |
_930021 _aالحمل والولادة |
||
| 653 |
_bNUR _cJune2012 |
||
| 942 |
_2ddc _cNRB |
||
| 999 |
_c16749 _d16749 |
||